000 00645nam a22002057a 4500
005 20140424162846.0
010 _aENG-109622
020 _c120.00
035 _aEN-93155
037 _bDBAD/PUB
082 _a639.75
100 _aSeetha Lekshmy, M.
245 _aVermitechnology /
_cby M . Seetha Lekshmy [and] R. Santhi ; edited by N.Arumugam
260 _bSaras Publication
_c2012
_aNagercoil
270 _bNagercoil
_e629002
_a114/35G, A. R. P. Camp Road, Periavilai, Kottar P. O.,
300 _axx,396p. :
_c21cm(pbk)
_bill
700 _aSanthi, R.
700 _aArumugam, N.
942 _2ddc
_cEN
_mSEE
_h639.75
999 _c83165
_d83165